000 00344nam a2200145Ia 4500
008 230718s9999 xx 000 0 und d
041 _aEng.
082 _a346.42
_bZAH-T
100 _aZahid Ch Muhammad
245 4 _aThe punjab employs act
260 _aPakistan
_b"Tour Star Publisher
_c2013
300 _a348
650 _aLaw
999 _c30289
_d30289